| 000 | 00569nam a2200205Ia 4500 | ||
|---|---|---|---|
| 005 | 20230628103307.0 | ||
| 008 | 131103s9999 xx 000 0 und d | ||
| 040 | _aLoreto College | ||
| 041 | _aEnglish | ||
| 082 |
_a942.066 _bBRY |
||
| 100 | _aBryant,Arthur | ||
| 245 |
_aSamuel Pepys _b the man in the making _cArthur Bryant |
||
| 260 |
_aLondon _bFontana Library _c1961 |
||
| 300 | _ax,432 p. | ||
| 504 | _aIncludes bibliographical references and index | ||
| 650 | _aPepys,Samuel | ||
| 651 | _aEngland - History,1660 - 1658 | ||
| 850 | _aLCLIB | ||
| 942 | _cBK | ||
| 999 |
_c8419 _d58898 |
||